Environmental science : a study of interrelationships.

The book provides an even, logical flow of concepts and clear illustrations of the major environmental issues of today. It is divided into five parts: Part One: Interrelatedness; Part two: Ecological principles and their applications; Part three: Energy; Part four: Human influences on ecosystems; Pa...

Description complète

Enregistré dans:
Détails bibliographiques
Auteur principal: Enger, Eldon D.
Format: Livre
Langue:Undetermined
Publié: Boston, MA McGraw-Hill 2002
Sujets:
Tags: Ajouter un tag
Pas de tags, Soyez le premier à ajouter un tag!
Thư viện lưu trữ: Trung tâm Học liệu Trường Đại học Cần Thơ
LEADER 00904nam a2200217Ia 4500
001 CTU_128116
008 210402s9999 xx 000 0 und d
020 |c 1284000 
082 |a 363.7 
082 |b E57 
100 |a Enger, Eldon D. 
245 0 |a Environmental science : 
245 2 |b a study of interrelationships. 
245 0 |c Eldon D. Enger, Bradley F. Smith. 
260 |a Boston, MA 
260 |b McGraw-Hill 
260 |c 2002 
520 |a The book provides an even, logical flow of concepts and clear illustrations of the major environmental issues of today. It is divided into five parts: Part One: Interrelatedness; Part two: Ecological principles and their applications; Part three: Energy; Part four: Human influences on ecosystems; Part five: Pollution and Policy. 
650 |a Environmental sciences. 
904 |i Minh 
980 |a Trung tâm Học liệu Trường Đại học Cần Thơ